| 000 | 00522nam a2200181Ia 4500 | ||
|---|---|---|---|
| 999 |
_c33785 _d33785 |
||
| 003 | OSt | ||
| 005 | 20200911110327.0 | ||
| 008 | 190216s9999||||xx |||||||||||||| ||und|| | ||
| 040 | _coclc | ||
| 082 |
_a621.382 _bMAI/E |
||
| 100 |
_aMaini, Anil K _94539 |
||
| 245 | 0 |
_aElectronics And Communication Simplified / _cAnil K Maini |
|
| 250 | _a10th Ed. | ||
| 260 |
_bKhanna Publishers, _c2002. _aNew Delhi: |
||
| 300 | _a1396p | ||
| 650 | _aPhysics | ||
| 942 |
_cBK _2ddc _h621.382 _iMAI/E _k621.382 _mMAI/E |
||